As serviçais (Record no. 43859)

MARC details
000 -Etiqueta do registo
Valores 00362nam a2200157 4500
100 ## - Dados gerais de processamento
Dados gerais 20241114 pory50
101 ## - Língua de publicação
Língua por
-- ing
102 ## - País de publicação
País PT
200 ## - Titulo e menção de responsabilidade
Título próprio As serviçais
Primeira menção de responsabilidade realiz. Tate taylor
210 ## - Publicação
Local de publicação [S.l.]
Nome do editor Zon Lusomundo
Data de publicação [d. reg. 2012]
215 ## - Descrição física 
Paginação / Volumes 1 DVD
675 ## - CDU
Notação 82-31
801 ## - Fonte de origem
País PT
Regras de catalogação RPC
990 ## - Elementos KOHA
Tipo de documento Filme DVD
Holdings
Aquisição Empréstimo Código de barras Cota Permissão de empréstimo Tipo de documento Nota relativa ao exemplar
Biblioteca Escolar Doutor Hernâni Cidade Biblioteca Escolar Doutor Hernâni Cidade 80538 ROM TAY   Livro 275

Powered by Koha